American missionaries and north-east India: 1839-1900 A.D.: A documentary study (Record no. 340029)

MARC details
000 -LEADER
fixed length control field 005760000a22002050004500
005 - DATE AND TIME OF LATEST TRANSACTION
control field 20120302052415.0
040 ## - CATALOGING SOURCE
Original cataloging agency ENG
100 ## - MAIN ENTRY--PERSONAL NAME
Personal name Barpujari, H.K.
245 ## - TITLE STATEMENT
Title American missionaries and north-east India: 1839-1900 A.D.: A documentary study
260 ## - PUBLICATION, DISTRIBUTION, ETC. (IMPRINT)
Place of publication, distribution, etc Delhi:
Name of publisher, distributor, etc Spectrum,
Date of publication, distribution, etc 1986
300 ## - PHYSICAL DESCRIPTION
Extent lvii,322p
365 ## - TRADE PRICE
Price amount Rs.160.00
650 ## - SUBJECT ADDED ENTRY--TOPICAL TERM
Topical term or geographic name as entry element American-Missionaries
650 ## - SUBJECT ADDED ENTRY--TOPICAL TERM
Topical term or geographic name as entry element India-Documentary-Study
650 ## - SUBJECT ADDED ENTRY--TOPICAL TERM
Topical term or geographic name as entry element American-Baptist-Missionaries
650 ## - SUBJECT ADDED ENTRY--TOPICAL TERM
Topical term or geographic name as entry element Urban-Development
650 ## - SUBJECT ADDED ENTRY--TOPICAL TERM
Topical term or geographic name as entry element Chritian-Education
650 ## - SUBJECT ADDED ENTRY--TOPICAL TERM
Topical term or geographic name as entry element Hill-Tribes-Assam
942 ## - ADDED ENTRY ELEMENTS (KOHA)
Koha item type Book
Holdings
Withdrawn status Lost status Damaged status Not for loan Home library Current library Date acquired Total Checkouts Barcode Date last seen Price effective from
        Institute For Oriental Study, Thane Institute For Oriental Study, Thane 12/02/2009   IOS-4224 12/02/2009 12/02/2009